LEADER 01750nam a2200337 i 4500 001 000000259116 003 CaOOAMICUS 005 20201103141259.0 008 180703s2018 be u000 u fre u 013 $a238024 020 $a978-90-429-3616-4 040 $aSeMil$bita 041 1 $afre 245 13$aLe récit: thèmes bibliques et variations :$blectures et réécritures littéraires et artistiques : 8. colloque international du RRENAB, Metz, 26-29 mai 2016 /$cédité par Elena Di Pede, Didier Luciani, Odile Flichy. 260 $aLeuven [etc.] :$bPeeters,$c2018. 300 $aXXIII, 395 p. ;$c25 cm. 490 0 $aBibliotheca Ephemeridum Theologicarum Lovaniensium ;$v293. 650 4$aBibbia e letteratura.$0(OLS)http://semarc/subject/5491 650 4$aBibbia - Atti di congressi.$0(OLS)http://semarc/subject/17280 650 4$aBibbia e Arte.$0(OLS)http://semarc/subject/39114 700 1 $aDi Pede, Elena.$0(OLS)http://semarc/name/42903 700 1 $aFlichy, Odile.$0(OLS)http://semarc/name/41947 700 1 $aLuciani, Didier,$d<1954- >.$0(OLS)http://semarc/name/7792 830 0$aBibliotheca Ephemeridum Theologicarum Lovaniensium ;$v293.$0(OLS)http://semarc/title/108 850 $aSeMil 852 $aSeMil$W1$xVenegono$y1$m2IA A 293$j231432$B209461$CSeMilBibl$Z2$F223119 $81 961 $aSottoscrizione: Peeters 996 $6020$a978-90-429-3616-4$9(OLS)http://semarc/number/284708 996 $6245$aLe récit: thèmes bibliques et variations :$blectures et réécritures littéraires et artistiques : 8. colloque international du RRENAB, Metz, 26-29 mai 2016$9(OLS)http://semarc/title/413942 996 $6260$aLeuven [etc.] :$bPeeters$9(OLS)http://semarc/publisher/32081 LEADER 00699nam a2200205 i 4500 001 000000103795 003 CaOOAMICUS 005 20011016000000.0 008 011016s1986 gw u000 u mul u 013 $a75976 020 $a3-17-009680-X 040 $aSeMil$bita 245 10$aMrd-?zv. 300 $aXIV, 631 p. 773 0 $tTheologisches Wörterbuch zum Alten Testament.$dStuttgart [etc.] : Kohlhammer, 1973.$g5$w()1197 850 $aSeMil 852 $aSeMil$W1$xVenegono$y1$mSL1.R VI 5$j60243$B60243$CSeMilBibl$Z2$F44726 $8I 961 $aSottoscrizione: Casa editrice 996 $6020$a3-17-009680-X$9(OLS)http://semarc/number/83698 996 $6245$aMrd-?zv$9(OLS)http://semarc/title/150622